| 000 | 00883cam a22002291 4500 | ||
|---|---|---|---|
| 001 | pa 66000023 | ||
| 003 | DLC | ||
| 005 | 20260227111857.0 | ||
| 008 | 751023s1966 dcu i000 0 spa c | ||
| 010 | _apa 66000023 | ||
| 035 | _a(OCoLC)1729453 | ||
| 040 |
_aPan American Union. Library. _cFU _dOCoLC _dCLU _dDLC |
||
| 042 | _apremarc | ||
| 043 | _ances--- | ||
| 050 | 0 | 0 |
_aKGC4589 _b.J656 1966 |
| 082 | _a340 | ||
| 110 | 2 | _aJoint Tax Program of the Organization of American States and the Inter-American Development Bank. | |
| 245 | 1 | 0 |
_aSistemas tributarios de América Latina: El Salvador. _cPreparado por el Programa Conjunto de Tributación de la Organización de los Estados Americanos y el Banco Interamericano de Desarrollo. |
| 260 |
_aWashington, _bUnión Panamericana, _c1966. |
||
| 300 |
_aix, 88 p. _c28cm. |
||
| 650 | 0 |
_aTaxation _xLaw and legislation _zEl Salvador. |
|
| 999 |
_c51587 _d51587 |
||